The Jewish holiday kitchen /

Bibliographic Details
Main Author: Nathan, Joan
Format: Book
Language:English
Published: New York : Schocken Books, 1979.
Subjects:

MARC

Tag First Indicator Second Indicator Subfields
LEADER 00000cam a2200000 a 4500
001 in00000552829
005 20151014051745.0
008 790426s1979 nyua b 00110 engm
010 |a  79064114  
020 |a 0805237127 :  |c $12.95. 
035 |a (OCoLC)05008001 
035 |9 ACJ5978AM 
040 |a DLC  |c DLC  |d m.c.  |d TXA  |d UtOrBLW 
049 |a TXAM  |c 1 [A08262085], 2 [A08262093] 
050 0 0 |a TX724  |b .N37 
082 0 |a 641.5/67/6 
100 1 |a Nathan, Joan. 
245 1 4 |a The Jewish holiday kitchen /  |c Joan Nathan. 
264 1 |a New York :  |b Schocken Books,  |c 1979. 
300 |a viii, 280 pages :  |b illustrations ;  |c 24 cm. 
336 |a text  |b txt  |2 rdacontent 
337 |a unmediated  |b n  |2 rdamedia 
338 |a volume  |b nc  |2 rdacarrier 
500 |a Includes index. 
504 |a Bibliography: page 275. 
650 0 |a Jewish cooking. 
999 |a MARS 
999 f f |s 81d7d631-f53e-3034-922c-c47ae297aa90  |i 0ec05862-c479-3729-81f1-53c2052dc901  |t 0 
952 f f |p ric  |a Texas A&M University  |b Rellis Campus  |c Joint Library Facility  |d Remote Storage  |t 0  |e TX724 .N37  |h Library of Congress classification  |i unmediated -- volume  |m A14808262085 
998 f f |a TX724 .N37  |t 0  |l Remote Storage